LEADER 05076nam 22011295 450 001 9910781492703321 005 20230725050616.0 010 $a1-283-27843-X 010 $a9786613278432 010 $a0-520-95019-4 024 7 $a10.1525/9780520950191 035 $a(CKB)2550000000040461 035 $a(EBL)718657 035 $a(OCoLC)739104399 035 $a(SSID)ssj0000521415 035 $a(PQKBManifestationID)11325843 035 $a(PQKBTitleCode)TC0000521415 035 $a(PQKBWorkID)10518339 035 $a(PQKB)10457790 035 $a(StDuBDS)EDZ0000056112 035 $a(DE-B1597)519447 035 $a(DE-B1597)9780520950191 035 $a(MiAaPQ)EBC718657 035 $a(EXLCZ)992550000000040461 100 $a20200424h20112011 fg 101 0 $aeng 135 $aur|n|---||||| 181 $ctxt 182 $cc 183 $acr 200 10$aChanging Inequality /$fRebecca M. Blank 210 1$aBerkeley, CA : $cUniversity of California Press, $d[2011] 210 4$d©2011 215 $a1 online resource (241 p.) 225 0 $aWildavsky Forum Series ;$v8 300 $aDescription based upon print version of record. 311 $a0-520-26692-7 320 $aIncludes bibliographical references and index. 327 $tFrontmatter -- $tContents -- $tIllustrations -- $tAcknowledgments -- $tIntroduction -- $tPart I. Changes in Income and Earnings -- $tPart II. Can Inequality Be Reduced? -- $tAppendix 1. Details of the Chapter 2 Simulation and Appendix Figures -- $tAppendix 2. Income Components by Decile -- $tAppendix 3. Details of the Chapter 4 Simulations -- $tAppendix 4. Details of the Chapter 6 Simulations -- $tNotes -- $tReferences -- $tIndex 330 $aRebecca M. Blank offers the first comprehensive analysis of an economic trend that has been reshaping the United States over the past three decades: rapidly rising income inequality. In clear language, she provides an overview of how and why the level and distribution of income and wealth has changed since 1979, sets this situation within its historical context, and investigates the forces that are driving it. Among other factors, Blank looks closely at changes within families, including women's increasing participation in the work force. The book includes some surprising findings-for example, that per-person income has risen sharply among almost all social groups, even as income has become more unequally distributed. Looking toward the future, Blank suggests that while rising inequality will likely be with us for many decades to come, it is not an inevitable outcome. Her book considers what can be done to address this trend, and also explores the question: why should we be concerned about this phenomenon? 410 0$aWildavsky Forum Series 606 $aEquality - Economic aspects - United States 606 $aEquality -- Economic aspects -- United States 606 $aIncome distribution - United States 606 $aIncome distribution -- United States 606 $aUnited States - Economic conditions 606 $aUnited States -- Economic conditions 606 $aIncome distribution$xEconomic aspects$zUnited States 606 $aEquality$zUnited States 606 $aBusiness & Economics$2HILCC 606 $aEconomic History$2HILCC 607 $aUnited States$xEconomic conditions 610 $a21st century economics. 610 $aamerican economy. 610 $aamerican income. 610 $aamerican wage structure. 610 $abooks for econ majors. 610 $abusiness. 610 $aeconomic patterns. 610 $aeconomic research. 610 $aeconomic researchers. 610 $aeconomy and family roles. 610 $aeconomy forecast. 610 $afuture of economy. 610 $agender pay gap. 610 $ahistory of us economy. 610 $aimproving the economy. 610 $aincome inequality. 610 $amacroeconomics. 610 $amoney and power. 610 $apolitical science. 610 $apower and wealth. 610 $asocial scientists. 610 $aunequal pay. 610 $aus economics. 610 $aus income patterns. 610 $aus public policy. 610 $awomen and economy. 610 $awomen in workforce. 615 4$aEquality - Economic aspects - United States. 615 4$aEquality -- Economic aspects -- United States. 615 4$aIncome distribution - United States. 615 4$aIncome distribution -- United States. 615 4$aUnited States - Economic conditions. 615 4$aUnited States -- Economic conditions. 615 0$aIncome distribution$xEconomic aspects 615 0$aEquality 615 7$aBusiness & Economics 615 7$aEconomic History 676 $a339.20973 700 $aBlank$b Rebecca M., $4aut$4http://id.loc.gov/vocabulary/relators/aut$0122758 801 0$bDE-B1597 801 1$bDE-B1597 906 $aBOOK 912 $a9910781492703321 996 $aChanging Inequality$93792119 997 $aUNINA LEADER 05814nam 22007335 450 001 9910583503503321 005 20260126121848.0 010 $a3-030-95738-1 024 7 $a10.1007/978-3-030-95738-4 035 $a(MiAaPQ)EBC7042245 035 $a(Au-PeEL)EBL7042245 035 $a(CKB)24242686900041 035 $a(PPN)263901564 035 $a(OCoLC)1335122792 035 $a(DE-He213)978-3-030-95738-4 035 $a(EXLCZ)9924242686900041 100 $a20220709d2022 u| 0 101 0 $aeng 135 $aurcnu|||||||| 181 $ctxt$2rdacontent 182 $cc$2rdamedia 183 $acr$2rdacarrier 200 10$aFoot and Ankle Disorders $eA Comprehensive Approach in Pediatric and Adult Populations /$fedited by Emilio Wagner Hitschfeld, Pablo Wagner Hitschfeld 205 $a1st ed. 2022. 210 1$aCham :$cSpringer International Publishing :$cImprint: Springer,$d2022. 215 $a1 online resource (1390 pages) 225 1 $aMedicine Series 311 08$a3-030-95740-3 311 08$a3-030-95737-3 327 $a1. Foot and ankle biomechanics: gait analysis.-2. Imaging in Ankle and Foot.-3. Open vs minimally invasive surgery: Advantages And Disadvantages.-4. Tumors of the Foot and Ankle.-5. Care and management of surgical wounds, wounds dehiscence and scars.-6. Biomechanics, assessment, and management principles for pediatric foot deformities.-7. Clubfoot.-8. Pediatric metatarsus adductus and cavovarus foot.-9. Pediatric Flexible and Rigid Flatfoot.-10. Foot Osteochondrosis.-11. Fibular Hemimelia: Principles and Techniques of Management.-12. Brachymetatarsia: Surgical management with Internal and External fixation.-13. Lesser toe deformities.-14. Neurologic foot.-15. Pediatric Diaphyseal Tibia and Distal Tibia Fractures.-16. Ankle Transitional Fractures.17. Hallux Valgus.-18. Hallux Rigidus.-19. Sesamoiditis -- 20. Metatarsalgia -- 21. Deformity of the lesser toes -- 22. Morton´s Neuroma -- 23. Bunionette -- 24. Progressive Collapsing Foot Deformity.-25. Latest Trends in Flatfoot Management ? Contributions of the Spring Ligament Complex and the Deltoid Ligament.-26. Cavus foot -- 27. Management off severe untreated and recurrent clubfoot deformity in the child and adult.-28. Muller Weiss disease.-29. Surgical Techniques for Peritalar Osteoarthrosis: Talonavicular, Subtalar, Calcaneocuboid and Midfoot.-30. Forefoot driven hindfoot deformity: coupled deformity.-31. Localized osteoarthritis of the ankle.-32. Diffuse Ankle Osteoarthritis -- 33. Tibial posttraumatic deformity.-34.Septic Ankle Arthritis and Tibial Osteomyelitis.-35. Tibial bone defects reconstruction techniques.-36. Below knee amputations -- 37. Insertional Achilles tendinopathy: Diagnosis and Treatment -- 38. Non insertional Achilles tendinopathy -- 39. Achilles lengthening techniques -- 40. Plantar fascitis -- 41. Foot and ankle tendon transfers: surgical techniques -- 42. Diabetic foot -- 43. Rheumathoid foot -- 44. Charcot neuro-arthropathy -- 45. Nerve entrapment syndromes of the Lower Limbs -- 46. Peroneal tendon tears: Evaluation and treatment -- 47. Anterior Ankle Impingement and Ankle Instability -- 48. Diagnosis and treatment of talus osteochondral lesions: current concepts -- 49. Posterior ankle impingement -- 50. Common stress fractures around the foot and ankle -- 51. Achilles tendon ruptures -- 52. Ankle fractures -- 53. Tibial pilon fractures -- 54. Calcaneus fractures -- 55. Talus fractures -- 56. Midfoot injuries -- 57. Diaphyseal and Distal Tibial Fractures -- 58. Metatarsal fractures -- 59. Compartment syndrome of the leg and foot. 330 $aThis book offers an updated guide to the foot and ankle, and presents them at different ages, which will allow the reader to analyze and understand how the foot develops from the early stages to adulthood. It provides a general overview of the anatomy, biomechanics, diagnosis, surgical approaches, treatment alternatives, and complications in connection with pediatric and adult foot and ankle problems, gathering in-depth information on frequent pathologies in a single source. Written by world-renowned experts, the book offers various points of view on the topics discussed. This comparative approach is generally lacking in foot and ankle literature, an oversight that the book addresses. The content consists of 59 chapters, divided into the following major sections: Basic sciences and general considerations, Pediatric orthopedics and traumatology, Adult orthopedics and Adult sports lesions and traumatology. Foot and Ankle Disorders: A Comprehensive Approach in Pediatric and Adult Populations will be of major interest for orthopedic surgery residents, for orthopedic surgeons who are starting their careers, and for experienced ones seeking updated information on the foot and ankle. 410 0$aMedicine Series 606 $aOrthopedics 606 $aPediatrics 606 $aSurgery 606 $aOrthopaedics 606 $aPediatrics 606 $aSurgery 606 $aTurmell$2thub 606 $aFerides i lesions$2thub 606 $aMalalties del peu$2thub 606 $aCirurgia podològica$2thub 608 $aLlibres electrònics$2thub 615 0$aOrthopedics. 615 0$aPediatrics. 615 0$aSurgery. 615 14$aOrthopaedics. 615 24$aPediatrics. 615 24$aSurgery. 615 7$aTurmell 615 7$aFerides i lesions 615 7$aMalalties del peu 615 7$aCirurgia podològica 676 $a617.585 676 $a617.584 702 $aHitschfeld$b Pablo Wagner 702 $aHitschfeld$b Emilio Wagner 801 0$bMiAaPQ 801 1$bMiAaPQ 801 2$bMiAaPQ 906 $aBOOK 912 $a9910583503503321 996 $aFoot and Ankle Disorders$92519899 997 $aUNINA